Kereskedelem, lakásépítés, takarékosság Küldöttgyűlés a Meszövnél /

Elmentve itt :
Bibliográfiai részletek
Szerző: Regős Éva
Dokumentumtípus: Cikk
Megjelent: 1985-03-06
Sorozat:Délmagyarország 75 No. 54
Kulcsszavak:Kiszöv
Online Access:http://dmarchiv.bibl.u-szeged.hu/104656
LEADER 00488nab a2200157 i 4500
001 delm104656
005 20190913093104.0
008 190913s1985 hu o 0|| hun d
040 |a SZTE Délmagyarország Archívum  |b hun 
041 |a hun 
100 1 |a Regős Éva 
245 1 0 |a Kereskedelem, lakásépítés, takarékosság   |h [elektronikus dokumentum] :  |b Küldöttgyűlés a Meszövnél /  |c  Regős Éva 
260 |c 1985-03-06 
300 |a 1 
490 0 |a Délmagyarország  |v 75 No. 54 
695 |a Kiszöv